[Event "1st FIDE OWCCCC Pools-East 2021"]
[Site "Online"]
[Date "2021.02.19"]
[Round "2.7"]
[White "Haas, Jacques"]
[Black "Dimovski, Nikola"]
[Result "1/2-1/2"]
[WhiteElo "1836"]
[BlackElo "2405"]
[Annotator "TA"]
[PlyCount "106"]
[EventDate "2021.02.19"]
[EventType "team-tourn"]
[EventCountry "NET"]
[SourceTitle "playchess.com"]
[Source "ChessBase"]
[SourceQuality "1"]

1. Nf3 Nf6 2. d4 d5 3. Bf4 e6 4. e3 Be7 5. h3 O-O 6. Nbd2 b6 7. Ne5 Bb7 8. Bd3 Nbd7 9. Ndf3 c5 10. c3 a6 11. O-O Nxe5 12. Nxe5 Bd6 13. Qf3 Ne4 14. Rad1 c4 15. Nxc4 Bxf4 16. Qxf4 Nxc3 17. bxc3 dxc4 18. Be4 Bd5 19. Rb1 b5 20. Rb4 Qa5 21. a4 bxa4 22. Ra1 a3 23. Ra2 Bxe4 24. Qxe4 Rab8 25. Qb1 Rxb4 26. cxb4 Qa4 27. Qc1 Rb8 28. Qxc4 Qxb4 29. Qxb4 Rxb4 30. Rxa3 Rb6 31. Kf1 Kf8 32. Ke2 Ke7 33. Kd3 Rc6 34. Ra1 f5 35. f3 g5 36. g4 Kf6 37. Ra5 fxg4 38. hxg4 h6 39. Ke4 Rb6 40. f4 gxf4 41. Kxf4 Rc6 42. e4 Rb6 43. g5+ hxg5+ 44. Rxg5 Rb7 45. Ra5 Rd7 46. Ke3 Ra7 47. Kf4 Rd7 48. Ke3 Ra7 49. Kd3 Ke7 50. Kc4 Kd6 51. Kd3 Ke7 52. Kc4 Kd6 53. Kd3 Ke7 1/2-1/2

[Event "1st FIDE OWCCCC Pools-East 2021"]
[Site "Online"]
[Date "2021.02.19"]
[Round "2.7"]
[White "Stohanzl, Nikola"]
[Black "Kozhakina, Alena V."]
[Result "0-1"]
[WhiteElo "1763"]
[BlackElo "2271"]
[Annotator "NA"]
[PlyCount "58"]
[EventDate "2021.02.19"]
[EventType "team-tourn"]
[EventCountry "NET"]
[SourceTitle "playchess.com"]
[Source "ChessBase"]
[SourceQuality "1"]

1. d4 d5 2. Nf3 Nf6 3. g3 Bg4 4. Bg2 e6 5. Nc3 Be7 6. O-O O-O 7. Bf4 c6 8. Re1 Nbd7 9. a3 a5 10. e4 Nxe4 11. Nxe4 dxe4 12. Rxe4 Nf6 13. Re1 Nd5 14. Bd2 Bf6 15. c3 Qb6 16. Qc1 Rfc8 17. Ne5 Bf5 18. Nd7 Qd8 19. Nxf6+ Nxf6 20. Bg5 h6 21. Bd2 a4 22. Bf4 Nd5 23. Bxd5 Qxd5 24. Qe3 g5 25. Be5 Bh3 26. f3 f6 27. Bxf6 Rf8 28. Be5 Rxf3 29. Qe4 Rf1+ 0-1

[Event "1st FIDE OWCCCC Pools-East 2021"]
[Site "Online"]
[Date "2021.02.19"]
[Round "2.7"]
[White "Biswajeet Pradhan"]
[Black "GMaster"]
[Result "0-1"]
[WhiteElo "1099"]
[BlackElo "2414"]
[Annotator "NA"]
[PlyCount "104"]
[EventDate "2021.02.19"]
[EventType "team-tourn"]
[EventCountry "NET"]
[SourceTitle "playchess.com"]
[Source "ChessBase"]
[SourceQuality "1"]

1. e4 e6 2. d4 d5 3. Nd2 Nf6 4. e5 Nfd7 5. Bd3 c5 6. c3 Nc6 7. Ne2 cxd4 8. cxd4 f6 9. exf6 Nxf6 10. O-O Bd6 11. Nf3 Qc7 12. Bg5 O-O 13. Nc3 Qf7 14. Rc1 Bd7 15. Bh4 Qh5 16. Bg3 Bxg3 17. hxg3 Ng4 18. Re1 Rxf3 19. Qxf3 Nxd4 20. Bxh7+ Kh8 21. Qxg4 Qxg4 22. Bb1 Rf8 23. Rcd1 a6 24. Rd2 Rf6 25. Nd1 Nf5 26. Bxf5 Qxf5 27. Ne3 Qe4 28. f3 Qb4 29. Rde2 Bb5 30. a3 Qa5 31. b4 Qxa3 32. Rc2 Qxb4 33. Kf2 Bc4 34. g4 b5 35. g5 Rf8 36. Ng4 d4 37. Rd1 d3 38. Rcd2 Qc5+ 39. Kg3 Qxg5 40. Rh1+ Kg8 41. Rdd1 e5 42. Rde1 Qf4+ 43. Kh3 Rf5 44. Kh4 d2 45. Re4 Qg5+ 46. Kg3 Bb3 47. Kf2 d1=Q 48. Rxd1 Bxd1 49. Ne3 Rf4 50. Rxf4 Qxf4 51. Nxd1 Qd2+ 52. Kg3 Qxd1 0-1

[Event "1st FIDE OWCCCC Pools-East 2021"]
[Site "Online"]
[Date "2021.02.19"]
[Round "2.8"]
[White "Stojkovska, Monika"]
[Black "Wendehenne, Pauline"]
[Result "1-0"]
[WhiteElo "2106"]
[BlackElo "1105"]
[Annotator "NA"]
[PlyCount "37"]
[EventDate "2021.02.19"]
[EventType "team-tourn"]
[EventCountry "NET"]
[SourceTitle "playchess.com"]
[Source "ChessBase"]
[SourceQuality "1"]

1. e4 e5 2. Nf3 d6 3. d4 f6 4. Bc4 d5 5. Bxd5 Bb4+ 6. Bd2 Ne7 7. Bxb4 Nxd5 8. exd5 Qxd5 9. O-O Nc6 10. Nc3 Nxb4 11. Nxd5 Nxd5 12. dxe5 c6 13. exf6 gxf6 14. Re1+ Kf8 15. Qd4 h5 16. c4 Ne7 17. Qxf6+ Kg8 18. Rxe7 Bg4 19. Qg7# 1-0

[Event "1st FIDE OWCCCC Pools-East 2021"]
[Site "Online"]
[Date "2021.02.19"]
[Round "2.8"]
[White "Baybaratskiy, Kirill A."]
[Black "Andrle, Miroslav"]
[Result "1-0"]
[WhiteElo "1478"]
[BlackElo "1417"]
[Annotator "NA"]
[PlyCount "47"]
[EventDate "2021.02.19"]
[EventType "team-tourn"]
[EventCountry "NET"]
[SourceTitle "playchess.com"]
[Source "ChessBase"]
[SourceQuality "1"]

1. d4 d5 2. Nf3 Nf6 3. g3 e6 4. Bg2 c5 5. O-O cxd4 6. Nxd4 Be7 7. c4 dxc4 8. Qa4+ Bd7 9. Qxc4 O-O 10. Bxb7 e5 11. Bxa8 exd4 12. Bg2 Qb6 13. Na3 Rc8 14. Qb3 Bb4 15. Bg5 Ne8 16. Rac1 Nc6 17. Bd5 Nd6 18. Nc4 Nxc4 19. Qxc4 Ne5 20. Qxc8+ Bxc8 21. Rxc8+ Bf8 22. Rfc1 Qxb2 23. Rxf8+ Kxf8 24. Rc8# 1-0

[Event "1st FIDE OWCCCC Pools-East 2021"]
[Site "Online"]
[Date "2021.02.19"]
[Round "2.9"]
[White "Shuvalova, Polina"]
[Black "Ps, Sachin"]
[Result "1-0"]
[WhiteElo "2476"]
[BlackElo "1379"]
[Annotator "ChessBase"]
[PlyCount "63"]
[EventDate "2021.02.19"]
[EventType "team-tourn"]
[EventCountry "NET"]
[SourceTitle "playchess.com"]
[Source "ChessBase"]
[SourceQuality "1"]

1. d4 d5 2. Nc3 Nf6 3. Bf4 c6 4. e3 Bf5 5. f3 h6 6. g4 Bh7 7. h4 e6 8. Bd3 Bxd3 9. Qxd3 Bd6 10. Nge2 Qc7 11. O-O-O Nbd7 12. Bxd6 Qxd6 13. e4 dxe4 14. fxe4 Nxg4 15. e5 Qe7 16. Ne4 O-O-O 17. h5 f5 18. Nd6+ Kb8 19. Qb3 Nb6 20. Rdf1 Nd5 21. c4 Nde3 22. Rf3 Rd7 23. Kb1 Ng2 24. Rg3 Nh4 25. Nf4 Qg5 26. Nxe6 Qe7 27. Nc5 Rdd8 28. Ncxb7 Rdf8 29. Rxh4 Qxh4 30. Nc5+ Kc7 31. Qb7+ Kd8 32. Ne6# 1-0

[Event "1st FIDE OWCCCC Pools-East 2021"]
[Site "Online"]
[Date "2021.02.19"]
[Round "2.9"]
[White "Rozhkov, Viacheslav"]
[Black "Nair, Sanjeev"]
[Result "1/2-1/2"]
[WhiteElo "2239"]
[BlackElo "2143"]
[Annotator "NA"]
[PlyCount "139"]
[EventDate "2021.02.19"]
[EventType "team-tourn"]
[EventCountry "NET"]
[SourceTitle "playchess.com"]
[Source "ChessBase"]
[SourceQuality "1"]

1. e4 c5 2. Nf3 d6 3. d4 cxd4 4. Nxd4 Nf6 5. Nc3 Nc6 6. Bc4 Qb6 7. Nb3 e6 8. Be3 Qc7 9. Qe2 Be7 10. O-O-O O-O 11. f3 a6 12. g4 b5 13. Bd3 Ne5 14. g5 Nfd7 15. f4 Nxd3+ 16. Qxd3 b4 17. Ne2 a5 18. Kb1 a4 19. Nbc1 Ba6 20. Qd2 Rfc8 21. h4 Bc4 22. h5 b3 23. cxb3 axb3 24. a3 d5 25. Nc3 Nc5 26. exd5 exd5 27. Nxd5 Bxd5 28. Qxd5 Na4 29. Rd2 Bxa3 30. g6 Bxb2 31. Qxf7+ Qxf7 32. gxf7+ Kxf7 33. Nxb3 Bf6 34. Bd4 Bxd4 35. Rxd4 Nc3+ 36. Kc2 Ne2+ 37. Kd3 Nxd4 38. Nxd4 Ra3+ 39. Ke4 Re8+ 40. Kf5 Ra5+ 41. Kg4 Ra4 42. Nf5 Kg8 43. Rc1 g6 44. hxg6 hxg6 45. Ng3 Rf8 46. Rf1 Kg7 47. Kg5 Rf7 48. Rf2 Ra5+ 49. Kg4 Ra4 50. Kg5 Ra5+ 51. Kg4 Rb5 52. Ne4 Rb4 53. Ng5 Ra7 54. Rc2 Rb6 55. Rc4 Rf6 56. Rd4 Re7 57. Rc4 Rb6 58. Rd4 Ra6 59. Rc4 Ra1 60. Rd4 Rg1+ 61. Kf3 Rf1+ 62. Kg4 Rg1+ 63. Kf3 Rge1 64. Kg4 R1e2 65. Rc4 Rg2+ 66. Kf3 Rge2 67. Kg4 Re1 68. Rd4 Kf6 69. Rd6+ Kg7 70. Rd4 1/2-1/2

[Event "1st FIDE OWCCCC Pools-East 2021"]
[Site "Online"]
[Date "2021.02.19"]
[Round "2.9"]
[White "Sharma, Keshav"]
[Black "GMAlex"]
[Result "0-1"]
[WhiteElo "2034"]
[BlackElo "2535"]
[Annotator "RC"]
[PlyCount "112"]
[EventDate "2021.02.19"]
[EventType "team-tourn"]
[EventCountry "NET"]
[SourceTitle "playchess.com"]
[Source "ChessBase"]
[SourceQuality "1"]

1. e4 c6 2. d4 d5 3. exd5 cxd5 4. Nf3 Nc6 5. c3 Qc7 6. h3 Bf5 7. Bd3 Bxd3 8. Qxd3 e6 9. O-O Bd6 10. Re1 Nge7 11. Nbd2 h6 12. Nf1 O-O 13. Bd2 Rae8 14. a4 Ng6 15. b4 Rd8 16. a5 a6 17. Rac1 Na7 18. c4 dxc4 19. Rxc4 Qd7 20. Rec1 Nb5 21. Be3 Bb8 22. Rd1 Ne7 23. Qb3 Qd5 24. Qd3 Bd6 25. Bc1 Qh5 26. Ng3 Bxg3 27. fxg3 Qf5 28. Qxf5 Nxf5 29. g4 Ne7 30. Bb2 Nc6 31. Bc3 Rd5 32. Rc5 Rxc5 33. dxc5 Nxc3 34. Rd7 Rb8 35. g5 Kf8 36. gxh6 gxh6 37. Nd2 Ke8 38. Rd3 Nd5 39. Rg3 Ndxb4 40. Ne4 Ke7 41. Rg7 Ne5 42. Rh7 Nbc6 43. Rxh6 Nxa5 44. g4 Nac6 45. Rh7 a5 46. g5 a4 47. h4 a3 48. Nc3 Ra8 49. Na2 Ra4 50. Kf2 Rc4 51. h5 Rc2+ 52. Ke3 Rxa2 53. g6 Rg2 54. g7 a2 55. h6 a1=Q 56. Rh8 Qd4# 0-1

[Event "1st FIDE OWCCCC Pools-East 2021"]
[Site "Online"]
[Date "2021.02.19"]
[Round "2.10"]
[White "Harikrishnan.A.Ra"]
[Black "Lapcevic, Milos"]
[Result "0-1"]
[WhiteElo "2429"]
[BlackElo "2371"]
[Annotator "TA"]
[PlyCount "48"]
[EventDate "2021.02.19"]
[EventType "team-tourn"]
[EventCountry "NET"]
[SourceTitle "playchess.com"]
[Source "ChessBase"]
[SourceQuality "1"]

1. e4 c5 2. Nf3 d6 3. Bb5+ Nd7 4. d4 Ngf6 5. Nc3 a6 6. Bxd7+ Nxd7 7. O-O cxd4 8. Nxd4 e6 9. f4 Be7 10. f5 Nf6 11. Kh1 O-O 12. Be3 Qc7 13. a4 b6 14. Qf3 e5 15. Nde2 Bb7 16. g4 Qc4 17. Ng3 d5 18. g5 dxe4 19. Qd1 Rfd8 20. Qe1 Ng4 21. f6 Bc5 22. Bxc5 e3+ 23. Kg1 Qxc5 24. Nce2 Qc6 0-1

[Event "1st FIDE OWCCCC Pools-East 2021"]
[Site "Online"]
[Date "2021.02.19"]
[Round "2.10"]
[White "Todorovic, Bojan"]
[Black "Shyamu, Sharma"]
[Result "1-0"]
[WhiteElo "2280"]
[BlackElo "2100"]
[Annotator "TA"]
[PlyCount "51"]
[EventDate "2021.02.19"]
[EventType "team-tourn"]
[EventCountry "NET"]
[SourceTitle "playchess.com"]
[Source "ChessBase"]
[SourceQuality "1"]

1. d4 d5 2. c4 c6 3. Nf3 Nf6 4. Nc3 e6 5. e3 Be7 6. Bd3 O-O 7. O-O dxc4 8. Bxc4 b5 9. Bd3 Bb7 10. e4 a6 11. e5 Nd5 12. Nxd5 cxd5 13. Be3 Nd7 14. Nd2 Qb6 15. f4 Rfc8 16. Qh5 f5 17. g4 fxg4 18. Bxh7+ Kf8 19. Bg6 Bb4 20. Nb3 Rc6 21. f5 Nxe5 22. Qh8+ Ke7 23. Qxg7+ Kd8 24. Qxe5 exf5 25. Bg5+ Kc8 26. Bxf5+ 1-0

[Event "1st FIDE OWCCCC Pools-East 2021"]
[Site "Online"]
[Date "2021.02.19"]
[Round "2.10"]
[White "Latreche, Khadidja"]
[Black "Delorme, Axel"]
[Result "0-1"]
[WhiteElo "1900"]
[BlackElo "2480"]
[Annotator "TA"]
[PlyCount "66"]
[EventDate "2021.02.19"]
[EventType "team-tourn"]
[EventCountry "NET"]
[SourceTitle "playchess.com"]
[Source "ChessBase"]
[SourceQuality "1"]

1. e4 e5 2. Nf3 Nc6 3. d4 exd4 4. Nxd4 Bb4+ 5. c3 Bc5 6. Nb3 Bb6 7. Qe2 Nge7 8. Be3 O-O 9. N1d2 f5 10. O-O-O f4 11. Bxb6 axb6 12. Kb1 d6 13. Qc4+ Kh8 14. Nf3 Ng6 15. Nfd4 Nge5 16. Qe2 Qe7 17. f3 Be6 18. Qc2 Qf7 19. Nxe6 Qxe6 20. a3 Qf7 21. Bb5 Na5 22. Nd4 Nac4 23. Qe2 Ne3 24. Rd2 Ra5 25. g3 N3c4 26. Bxc4 Nxc4 27. Rc2 Rfa8 28. gxf4 Nxa3+ 29. bxa3 Rxa3 30. Kc1 Ra1+ 31. Kd2 Rxh1 32. e5 Qxf4+ 33. Qe3 Rd1+ 0-1

[Event "1st FIDE OWCCCC Pools-East 2021"]
[Site "Online"]
[Date "2021.02.19"]
[Round "2.10"]
[White "Saarja, Sreeram"]
[Black "Faizrakhmanov, Nijaz"]
[Result "1-0"]
[WhiteElo "1814"]
[BlackElo "1568"]
[Annotator "NA"]
[PlyCount "103"]
[EventDate "2021.02.19"]
[EventType "team-tourn"]
[EventCountry "NET"]
[SourceTitle "playchess.com"]
[Source "ChessBase"]
[SourceQuality "1"]

1. Nf3 Nf6 2. c4 e6 3. Nc3 d5 4. d4 c6 5. e3 Nbd7 6. Bd3 dxc4 7. Bxc4 b5 8. Be2 a6 9. O-O Bb7 10. e4 c5 11. e5 cxd4 12. Qxd4 Bc5 13. Qh4 Ne4 14. Qg4 Nxc3 15. bxc3 Kf8 16. a4 bxa4 17. Rd1 Qc7 18. Qxa4 Bc6 19. Qf4 h6 20. Nd4 Bxd4 21. cxd4 a5 22. Ba3+ Kg8 23. Bd6 Qa7 24. Rdc1 Rc8 25. Bf3 Qa8 26. Rxc6 Rxc6 27. Qe4 Ra6 28. Qxa8+ Rxa8 29. Bxa8 Nb6 30. Rxa5 Kh7 31. Be4+ g6 32. h4 h5 33. Ra7 Kg7 34. Be7 Rc8 35. Bc5 Nc4 36. Ra8 Rc7 37. Kh2 Rd7 38. Kg3 Nd2 39. Kf4 Nb3 40. Ke3 Rc7 41. Ra7 Rc8 42. Be7 Rc3+ 43. Bd3 Rc8 44. Bf6+ Kg8 45. Be4 Nc1 46. Ra8 Rxa8 47. Bxa8 Na2 48. Be7 Nc3 49. Bc6 Kg7 50. Bb4 Nd5+ 51. Bxd5 exd5 52. f3 1-0

[Event "1st FIDE OWCCCC Pools-East 2021"]
[Site "Online"]
[Date "2021.02.19"]
[Round "2.11"]
[White "Ratsma, Rosa"]
[Black "Ratel, Laurent"]
[Result "1-0"]
[WhiteElo "2306"]
[BlackElo "2011"]
[Annotator "TA"]
[PlyCount "85"]
[EventDate "2021.02.19"]
[EventType "team-tourn"]
[EventCountry "NET"]
[SourceTitle "playchess.com"]
[Source "ChessBase"]
[SourceQuality "1"]

1. e4 e5 2. Nf3 Nf6 3. Nxe5 d6 4. Nf3 Nxe4 5. d3 Nf6 6. d4 d5 7. Bd3 Be7 8. O-O O-O 9. Re1 Bg4 10. h3 Bh5 11. Bf4 Nbd7 12. Nbd2 Re8 13. c3 Nf8 14. Qc2 Bg6 15. Ne5 Bxd3 16. Qxd3 Ne6 17. Bh2 Bf8 18. Re2 g6 19. Rae1 c6 20. a4 Bg7 21. b4 a6 22. a5 Ng5 23. Nb3 Bf8 24. Bf4 Nge4 25. f3 Nd6 26. Nc5 Rb8 27. Qd2 Nf5 28. Ng4 Rxe2 29. Rxe2 Nd6 30. Bg5 Bg7 31. Nxf6+ Bxf6 32. Bxf6 Qxf6 33. Nd7 Qd8 34. Nxb8 Qxb8 35. Qe3 Qd8 36. Qe7 Qf8 37. Qd7 Kg7 38. Kf2 Kf6 39. g4 h6 40. h4 g5 41. h5 Kg7 42. Re7 Kf6 43. Qxd6+ 1-0

[Event "1st FIDE OWCCCC Pools-East 2021"]
[Site "Online"]
[Date "2021.02.19"]
[Round "2.11"]
[White "Dudarev, Nikolai"]
[Black "Kale Shruti"]
[Result "1-0"]
[WhiteElo "2169"]
[BlackElo "1253"]
[Annotator "NA"]
[PlyCount "79"]
[EventDate "2021.02.19"]
[EventType "team-tourn"]
[EventCountry "NET"]
[SourceTitle "playchess.com"]
[Source "ChessBase"]
[SourceQuality "1"]

1. e4 e6 2. d4 d5 3. Nd2 Nf6 4. e5 Nfd7 5. Bd3 c5 6. c3 Nc6 7. Ne2 cxd4 8. cxd4 Qb6 9. Nf3 Be7 10. O-O h6 11. Bb1 Nf8 12. Nf4 Bd7 13. Nh5 Rg8 14. a3 a5 15. Bc2 Rc8 16. Rb1 Qc7 17. Bd3 Qb8 18. Qe2 Na7 19. Bd2 a4 20. Rfc1 Rxc1+ 21. Rxc1 b5 22. Bb4 Bxb4 23. axb4 Bc6 24. Qd2 Ke7 25. Qf4 Ng6 26. Qg4 Qe8 27. h4 Kd7 28. Bxg6 fxg6 29. Nf4 Rf8 30. Nxg6 Rf5 31. Nf4 Qf7 32. Nd3 Ke8 33. Rc2 Bd7 34. Rc7 Nc6 35. Nc5 Nxb4 36. Rxd7 Qxd7 37. Nxd7 Kxd7 38. Qxg7+ Kc6 39. Qxh6 Nd3 40. Qxe6+ 1-0

[Event "1st FIDE OWCCCC Pools-East 2021"]
[Site "Online"]
[Date "2021.02.19"]
[Round "2.11"]
[White "Vasiliev, Vasiliy"]
[Black "Ma, Whee Ky"]
[Result "0-1"]
[WhiteElo "1965"]
[BlackElo "2324"]
[Annotator "NA"]
[PlyCount "84"]
[EventDate "2021.02.19"]
[EventType "team-tourn"]
[EventCountry "NET"]
[SourceTitle "playchess.com"]
[Source "ChessBase"]
[SourceQuality "1"]

1. e4 c5 2. Nf3 d6 3. d4 cxd4 4. Nxd4 Nf6 5. Nc3 a6 6. g3 e5 7. Nb3 Be7 8. Bg2 Be6 9. O-O Nbd7 10. a4 Qc7 11. Re1 Nc5 12. Nd2 a5 13. Nf1 h5 14. Bg5 Ng4 15. Nb5 Qb6 16. Bxe7 Kxe7 17. Ne3 Nxe3 18. Rxe3 Bc4 19. Bf1 Bxb5 20. Bxb5 h4 21. Qg4 hxg3 22. Qg5+ Kf8 23. hxg3 Ne6 24. Qg4 Nd4 25. Rd1 g6 26. Bc4 Kg7 27. c3 Rh5 28. cxd4 Rah8 29. Qf3 Rh1+ 30. Qxh1 Rxh1+ 31. Kxh1 exd4 32. Rf3 f6 33. Rb3 Qc5 34. Rxb7+ Kh6 35. b3 Qh5+ 36. Kg1 Qxd1+ 37. Kg2 d3 38. Bg8 Kg5 39. Rh7 Qe2 40. Bf7 d2 41. Rg7 Qxe4+ 42. Kh3 Qh1# 0-1

[Event "1st FIDE OWCCCC Pools-East 2021"]
[Site "Online"]
[Date "2021.02.19"]
[Round "2.11"]
[White "Lalit, Karmarkar"]
[Black "Mitic, Milan"]
[Result "0-1"]
[WhiteElo "1838"]
[BlackElo "1993"]
[Annotator "NA"]
[PlyCount "88"]
[EventDate "2021.02.19"]
[EventType "team-tourn"]
[EventCountry "NET"]
[SourceTitle "playchess.com"]
[Source "ChessBase"]
[SourceQuality "1"]

1. e4 c5 2. Nf3 g6 3. c3 d5 4. e5 Nc6 5. Bb5 Qb6 6. Bxc6+ bxc6 7. h3 Bg7 8. O-O Nh6 9. d4 O-O 10. Re1 a5 11. Nbd2 cxd4 12. cxd4 c5 13. dxc5 Qxc5 14. Nb3 Qc6 15. Bg5 f6 16. Rc1 Qb7 17. Nc5 Qc6 18. exf6 exf6 19. Ne6 Qxe6 20. Rxe6 Bxe6 21. Bf4 Rfc8 22. g4 Nf7 23. Nd4 Bd7 24. Rxc8+ Rxc8 25. Qd2 a4 26. b3 Ng5 27. Bxg5 fxg5 28. bxa4 Rc4 29. Nf3 Bc6 30. a5 d4 31. Nxg5 d3 32. Ne6 Be5 33. Qxd3 Rc1+ 34. Qf1 Rxf1+ 35. Kxf1 Bb5+ 36. Ke1 Bc3+ 37. Kd1 Bxa5 38. Nd4 Bd7 39. Ke2 Bb6 40. Nf3 Kg7 41. Ne5 Bb5+ 42. Kf3 Kf6 43. Ke4 Bxf2 44. g5+ Kxg5 0-1

[Event "1st FIDE OWCCCC Pools-East 2021"]
[Site "Online"]
[Date "2021.02.19"]
[Round "2.12"]
[White "Steel, Sarel"]
[Black "Khallouf, Anas"]
[Result "1-0"]
[WhiteElo "1552"]
[BlackElo "1440"]
[Annotator "NA"]
[PlyCount "55"]
[EventDate "2021.02.19"]
[EventType "team-tourn"]
[EventCountry "NET"]
[SourceTitle "playchess.com"]
[Source "ChessBase"]
[SourceQuality "1"]

1. d4 d5 2. Nf3 Nf6 3. c4 c6 4. Nc3 g6 5. Bg5 Bg7 6. e3 O-O 7. Qb3 Qb6 8. Bxf6 dxc4 9. Qxb6 axb6 10. Bxg7 Kxg7 11. Bxc4 b5 12. Bd3 Nd7 13. O-O Re8 14. a3 Nb6 15. d5 Rd8 16. e4 e6 17. Rfd1 exd5 18. exd5 Nxd5 19. Nxd5 Rxd5 20. Be4 Rh5 21. Rd8 Rc5 22. Re1 Rc4 23. Bd3 Rca4 24. Ree8 b4 25. Rxc8 R8a7 26. g4 bxa3 27. g5 f5 28. Re7# 1-0

[Event "1st FIDE OWCCCC Pools-East 2021"]
[Site "Online"]
[Date "2021.02.19"]
[Round "2.12"]
[White "Darshan J Jain"]
[Black "Andreikin, Dmitry"]
[Result "0-1"]
[WhiteElo "1370"]
[BlackElo "2725"]
[Annotator "TA"]
[PlyCount "116"]
[EventDate "2021.02.19"]
[EventType "team-tourn"]
[EventCountry "NET"]
[SourceTitle "playchess.com"]
[Source "ChessBase"]
[SourceQuality "1"]

1. d4 Nf6 2. Nf3 g6 3. e3 Bg7 4. Bd3 d5 5. b3 O-O 6. Bb2 c6 7. Nbd2 Bg4 8. h3 Bd7 9. c3 Qc8 10. Qc2 Re8 11. Ne5 Be6 12. O-O-O b5 13. f3 Nfd7 14. h4 Nxe5 15. dxe5 Bxe5 16. f4 Bg7 17. h5 Bf5 18. hxg6 fxg6 19. e4 dxe4 20. Nxe4 Nd7 21. Rh2 Nf6 22. Ng5 Bxd3 23. Qxd3 Rd8 24. Qxd8+ Qxd8 25. Rxd8+ Rxd8 26. c4 h6 27. Nf3 bxc4 28. bxc4 Ng4 29. Rh1 Bxb2+ 30. Kxb2 Ne3 31. Kc3 Nxg2 32. Rxh6 Nxf4 33. Ne5 c5 34. Rh4 g5 35. Rg4 Kg7 36. Rxg5+ Kf6 37. Nf7 Ne2+ 38. Kc2 Kxf7 39. Rxc5 Rd7 40. Re5 Nd4+ 41. Kc3 Kf6 42. Rh5 Nf5 43. Rh2 e5 44. c5 e4 45. Kb4 e3 46. c6 Re7 47. Re2 Nd4 48. Re1 Nc2+ 49. Kc5 Nxe1 50. Kd6 Nd3 51. c7 Rxc7 52. Kxc7 e2 53. Kb7 e1=Q 54. a4 Ke6 55. Kxa7 Kd7 56. Kb6 Qb1+ 57. Ka5 Kc6 58. Ka6 Qb6# 0-1

[Event "1st FIDE OWCCCC Pools-East 2021"]
[Site "Online"]
[Date "2021.02.19"]
[Round "2.12"]
[White "Jay_"]
[Black "Kabanova, Ekaterina"]
[Result "0-1"]
[WhiteElo "1193"]
[BlackElo "2138"]
[Annotator "NA"]
[PlyCount "112"]
[EventDate "2021.02.19"]
[EventType "team-tourn"]
[EventCountry "NET"]
[SourceTitle "playchess.com"]
[Source "ChessBase"]
[SourceQuality "1"]

1. e4 c5 2. Nc3 e6 3. f4 a6 4. a4 b6 5. Nf3 Bb7 6. d3 Qc7 7. Be2 d6 8. O-O Nd7 9. Qe1 Ngf6 10. Qg3 g6 11. Bd2 Be7 12. Rae1 Bc6 13. Kh1 b5 14. axb5 axb5 15. e5 Nh5 16. Qh3 d5 17. d4 b4 18. Nd1 c4 19. Ng5 Ng7 20. Ne3 Ra2 21. Bc1 Qa7 22. Nf3 h5 23. Rd1 Nb6 24. Rde1 Na4 25. Nd1 Ra1 26. Be3 Nf5 27. Bg1 Ra2 28. b3 Nb6 29. bxc4 dxc4 30. Bxc4 Bxf3 31. Bb5+ Kf8 32. Qxf3 Rxc2 33. Ne3 Nxd4 34. Qe4 Rd2 35. Nc4 Nxc4 36. Bxc4 Qd7 37. Qe3 Nc2 38. Qe4 Nxe1 39. Rxe1 Kg7 40. Qf3 Rc8 41. Be2 Rc3 42. Qe4 Qd5 43. Qb1 Bc5 44. Bxc5 Qxc5 45. Bf1 Rdc2 46. Qd1 Qd5 47. Qb1 b3 48. f5 gxf5 49. Rd1 Rd2 50. Re1 b2 51. Be2 Rxe2 52. Rg1 Rcc2 53. Qf1 Rf2 54. Qe1 Rxg2 55. h4 Rxg1+ 56. Kxg1 Qg2# 0-1

[Event "1st FIDE OWCCCC Pools-East 2021"]
[Site "Online"]
[Date "2021.02.19"]
[Round "2.13"]
[White "Giri, Anish"]
[Black "Yash Shah"]
[Result "1-0"]
[WhiteElo "2764"]
[BlackElo "1623"]
[Annotator "TA"]
[PlyCount "47"]
[EventDate "2021.02.19"]
[EventType "team-tourn"]
[EventCountry "NET"]
[SourceTitle "playchess.com"]
[Source "ChessBase"]
[SourceQuality "1"]

1. e4 e5 2. Nf3 Nf6 3. Nxe5 Nc6 4. Nxc6 dxc6 5. d3 Bc5 6. Be2 h5 7. c3 Ng4 8. d4 Bb6 9. h3 Nf6 10. Bg5 Qd7 11. Nd2 c5 12. d5 c6 13. Qb3 cxd5 14. Bb5 c4 15. Bxd7+ Bxd7 16. Qc2 O-O-O 17. O-O dxe4 18. Nxe4 Nxe4 19. Qxe4 f6 20. Bf4 g5 21. Bh2 g4 22. Qf4 Bc6 23. Rad1 Bd5 24. Qf5+ 1-0

[Event "1st FIDE OWCCCC Pools-East 2021"]
[Site "Online"]
[Date "2021.02.19"]
[Round "2.13"]
[White "Smirin, Ilia"]
[Black "Jangle, Hemang J"]
[Result "1-0"]
[WhiteElo "2614"]
[BlackElo "1796"]
[Annotator "TA"]
[PlyCount "71"]
[EventDate "2021.02.19"]
[EventType "team-tourn"]
[EventCountry "NET"]
[SourceTitle "playchess.com"]
[Source "ChessBase"]
[SourceQuality "1"]

1. e4 e6 2. d4 d5 3. Nd2 Nc6 4. Ngf3 Nf6 5. e5 Nd7 6. Nb3 f6 7. Bb5 a6 8. Bxc6 bxc6 9. O-O fxe5 10. Na5 Qf6 11. Nxc6 e4 12. Nfe5 Bd6 13. f3 O-O 14. fxe4 Qxf1+ 15. Qxf1 Rxf1+ 16. Kxf1 Nxe5 17. dxe5 Bf8 18. Bg5 Bd7 19. exd5 exd5 20. Nd4 Bc5 21. Rd1 Rf8+ 22. Ke1 Re8 23. Nf3 c6 24. Kd2 h6 25. Be3 Bb4+ 26. Kc1 Kf7 27. Rf1 Ke6 28. Bb6 Bf8 29. Nh4 c5 30. Ng6 Be7 31. Nxe7 Rxe7 32. Bxc5 Re8 33. Bd4 Bb5 34. Rf3 Ke7 35. b3 Rf8 36. Bc5+ 1-0

[Event "1st FIDE OWCCCC Pools-East 2021"]
[Site "Online"]
[Date "2021.02.19"]
[Round "2.13"]
[White "Demchenko, Anton"]
[Black "Khrapko, Marharyta"]
[Result "1-0"]
[WhiteElo "2610"]
[BlackElo "2049"]
[Annotator "TA"]
[PlyCount "51"]
[EventDate "2021.02.19"]
[EventType "team-tourn"]
[EventCountry "NET"]
[SourceTitle "playchess.com"]
[Source "ChessBase"]
[SourceQuality "1"]

1. e4 c5 2. Nf3 Nc6 3. Bb5 d6 4. O-O Bd7 5. Re1 a6 6. Bxc6 Bxc6 7. d4 cxd4 8. Nxd4 Nf6 9. Qd3 g6 10. c4 Bg7 11. Nc3 O-O 12. Bg5 Rc8 13. Rad1 Qb6 14. b3 Rfe8 15. h3 Nd7 16. Nxc6 bxc6 17. Na4 Qa5 18. Bd2 Qc7 19. f4 Nc5 20. Nxc5 dxc5 21. e5 f6 22. Bc3 Rcd8 23. Qf3 Rxd1 24. Qxd1 Rd8 25. Qf3 Qd7 26. Kh2 1-0

[Event "1st FIDE OWCCCC Pools-East 2021"]
[Site "Online"]
[Date "2021.02.19"]
[Round "2.13"]
[White "Batchuluun, Tsegmed"]
[Black "Rosenberg, Daniel B"]
[Result "1-0"]
[WhiteElo "2536"]
[BlackElo "2200"]
[Annotator "TA"]
[PlyCount "89"]
[EventDate "2021.02.19"]
[EventType "team-tourn"]
[EventCountry "NET"]
[SourceTitle "playchess.com"]
[Source "ChessBase"]
[SourceQuality "1"]

1. d4 Nf6 2. c4 e6 3. Nc3 Bb4 4. Qc2 O-O 5. a3 Be7 6. e4 d6 7. Nf3 b6 8. Bd3 h6 9. O-O Nbd7 10. Re1 e5 11. b4 a5 12. Bd2 Bb7 13. d5 c6 14. dxc6 Bxc6 15. Nd5 Rc8 16. Qb3 a4 17. Qd1 Ne8 18. Nc3 Nc7 19. Nxa4 b5 20. Nc3 bxc4 21. Bxc4 Nb6 22. Bb3 Nb5 23. Nxb5 Bxb5 24. a4 Bc4 25. a5 Bxb3 26. Qxb3 Nc4 27. Bc3 Qc7 28. b5 g5 29. b6 Qb7 30. Ra4 d5 31. exd5 e4 32. Rxe4 Nd6 33. a6 Rxc3 34. Qxc3 Nxe4 35. Rxe4 Qxb6 36. Rxe7 Qxa6 37. h3 Rc8 38. Rc7 Rb8 39. Kh2 Rd8 40. Qe5 Qb6 41. Nxg5 Qd6 42. Qxd6 Rxd6 43. Nxf7 Rxd5 44. Nxh6+ Kf8 45. Ng4 1-0